000 00771nam a2200253Ia 4500
003 OSt
005 20220923223019.0
006 a|||||r|||| 00| 0
007 ta
008 220922b |||||||| |||| 00| 0 hin d
024 _a209,956
037 _cTextual
040 _aARTS
_cARTS
_bhin
041 _2hin
_ahin
082 _aO152,3NJAx, N4
100 _aजैन, विपिन
245 0 _aलंबी छुट्टी पर
246 _aLanbī chhuṭṭī para
260 _aनई दिल्ली
_b सचिन प्रका0
_c1994
300 _a77पृ.
_ccm.
650 _aहिन्दी साहित्य
_9156264
942 _hO152,3NJAx, N4
_cTEXL
_2CC
999 _c360505
_d360505